[Event "ROM-ch U10 Boys"]
[Site "Voineasa"]
[Date "2008.04.15"]
[Round "5"]
[White "Gheorghe, Darius Daniel"]
[Black "Pena, Petru Alexandru"]
[Result "1-0"]
[WhiteElo "693"]
[BlackElo "545"]
[PlyCount "65"]
[EventDate "2008.04.08"]
[EventType "swiss"]
[EventRounds "9"]
[EventCountry "ROU"]
[SourceTitle "EXT 2013"]
[Source "ChessBase"]
[SourceDate "2012.11.22"]
[SourceVersion "1"]
[SourceVersionDate "2012.11.22"]
[SourceQuality "1"]

1. e4 e5 2. d4 exd4 3. Qxd4 Nc6 4. Qe3 d6 5. Nc3 Nf6 6. Bd2 Be7 7. 0-0-0 0-0 8. h4 Be6 9. Qg3 Qd7 10. Bd3 Nh5 11. Qh2 Nb4 12. Nf3 Nxa2+ 13. Nxa2 Bxa2 14. g4 Qa4 15. gxh5 Bc4 16. Bc3 d5 17. Qxc7 Bd8 18. Qd6 g5 19. Qb4 Qa6 20. Bxc4 dxc4 21. Kb1 gxh4 22. Nh2 f6 23. Rhg1+ Kf7 24. Rd7+ Ke6 25. Qxf8 Kxd7 26. Rd1+ Kc7 27. Qf7+ Kc6 28. Qe6+ Kb5 29. Qd5+ Kb6 30. Ba5+ Qxa5 31. Qd6+ Kb5 32. Rd5+ Ka4 33. Qa3# 1-0

[Event "ROM-ch U10 Boys"]
[Site "Voineasa"]
[Date "2008.04.13"]
[Round "3"]
[White "Dolana, Andrei Theodor"]
[Black "Pena, Petru Alexandru"]
[Result "1-0"]
[WhiteElo "722"]
[BlackElo "545"]
[PlyCount "73"]
[EventDate "2008.04.08"]
[EventType "swiss"]
[EventRounds "9"]
[EventCountry "ROU"]
[SourceTitle "EXT 2013"]
[Source "ChessBase"]
[SourceDate "2012.11.22"]
[SourceVersion "1"]
[SourceVersionDate "2012.11.22"]
[SourceQuality "1"]

1. e4 e5 2. Bc4 Nf6 3. d3 Nc6 4. Nc3 Bb4 5. Bg5 d6 6. Nge2 h6 7. Bh4 g5 8. Bg3 Bg4 9. 0-0 Nd4 10. f3 Nxe2+ 11. Nxe2 Bc5+ 12. d4 exd4 13. Bf2 Be6 14. Bxe6 fxe6 15. Bxd4 Bb6 16. Kh1 e5 17. Bxb6 axb6 18. Ng3 Qd7 19. c4 c6 20. Qb3 Ra6 21. Rad1 c5 22. Nf5 b5 23. cxb5 Rb6 24. Qd3 0-0 25. Nxh6+ Kh7 26. Nf5 Ne8 27. a4 Rf6 28. Ne3 Nc7 29. Nc4 Re6 30. Nxb6 Qe7 31. Nd5 Nxd5 32. exd5+ Kg7 33. dxe6 Qxe6 34. Qxd6 Qc4 35. Qxe5+ Kg6 36. Rd6+ Kh5 37. Qh8# 1-0

[Event "ROM-ch U10 Boys"]
[Site "Voineasa"]
[Date "2008.04.12"]
[Round "1"]
[White "Herastrau, Mircea Peter"]
[Black "Pena, Petru Alexandru"]
[Result "0-1"]
[WhiteElo "401"]
[BlackElo "545"]
[PlyCount "52"]
[EventDate "2008.04.08"]
[EventType "swiss"]
[EventRounds "9"]
[EventCountry "ROU"]
[SourceTitle "EXT 2013"]
[Source "ChessBase"]
[SourceDate "2012.11.22"]
[SourceVersion "1"]
[SourceVersionDate "2012.11.22"]
[SourceQuality "1"]

1. d4 d5 2. Nf3 Nf6 3. Nc3 Bf5 4. e3 e6 5. Bd3 Bg6 6. 0-0 Bb4 7. Bd2 0-0 8. a3 Ba5 9. b4 Bb6 10. Re1 Ne4 11. Ne5 Nxc3 12. Bxc3 Be4 13. a4 a5 14. f3 Bxd3 15. Qxd3 Nd7 16. Qb5 Nxe5 17. dxe5 axb4 18. Bxb4 c5 19. Bxc5 Bxc5 20. Qxc5 Rc8 21. Qa7 Rxc2 22. Qxb7 Qg5 23. g3 Qxe5 24. Rab1 Kh8 25. f4 Qe4 26. Qb8 Qg2# 0-1